[Event "Moscow-ch rapid"]
[Site "Moscow"]
[Date "2016.09.18"]
[Round "7"]
[White "Semenkov, Alexander"]
[Black "Geivondian, Arman"]
[Result "0-1"]
[WhiteElo "2123"]
[BlackElo "2399"]
[PlyCount "166"]
[EventDate "2016.09.17"]
[EventType "swiss (rapid)"]
[EventRounds "9"]
[EventCountry "RUS"]
[SourceTitle "CBM 174 Extra"]
[Source "ChessBase"]
[SourceDate "2016.10.10"]
[SourceVersion "1"]
[SourceVersionDate "2016.10.10"]
[SourceQuality "1"]

1. e4 e6 2. d4 d5 3. Nc3 Nf6 4. Bg5 dxe4 5. Nxe4 Nbd7 6. Nf3 h6 7. Nxf6+ Nxf6 8. Be3 Nd5 9. Qd2 Bb4 10. c3 Bd6 11. 0-0-0 Bd7 12. Ne5 Ba4 13. b3 Bxe5 14. dxe5 Bc6 15. c4 Nxe3 16. Qxe3 Qe7 17. Kb2 a5 18. a3 b6 19. f4 Qc5 20. Qxc5 bxc5 21. Rg1 Ke7 22. Be2 Rhb8 23. Kc3 Ra6 24. g3 Rab6 25. Rb1 Be4 26. Rb2 a4 27. b4 cxb4+ 28. axb4 a3 29. Ra2 Rxb4 30. Rxa3 Rb2 31. Re1 c5 32. Bd1 Bg6 33. Re2 Rb1 34. Bb3 Rc1+ 35. Kd2 Rh1 36. Kc3 Rd8 37. Ra7+ Kf8 38. Bc2 Bh5 39. Rd2 Rxd2 40. Kxd2 Rxh2+ 41. Kc1 g6 42. Rc7 Bf3 43. Rxc5 Rg2 44. Rc8+ Kg7 45. c5 Rxg3 46. c6 Bd5 47. Kd2 Rg2+ 48. Kc3 Rg3+ 49. Kd2 Rg2+ 50. Kc3 Rg3+ 51. Kd2 Rg2+ 52. Kc3 Rg3+ 53. Kd2 Rg2+ 54. Kc3 Bxc6 55. Rxc6 h5 56. Rd6 h4 57. Rd3 Rf2 58. Kd4 Rxc2 59. Rh3 g5 60. fxg5 Ra2 61. Kc5 Ra4 62. Kd6 Kg6 63. Rf3 Ra7 64. Rf1 Kxg5 65. Rg1+ Kf4 66. Rg8 h3 67. Rh8 Kg3 68. Rg8+ Kf3 69. Rh8 Kg3 70. Rg8+ Kf2 71. Rh8 Kg2 72. Rg8+ Kh1 73. Rg5 h2 74. Rg7 Rb7 75. Rg5 Rb1 76. Ke7 Rg1 77. Rh5 Rf1 78. Rg5 Rf5 79. Rg4 Rxe5 80. Kxf7 Re1 81. Kf6 Rg1 82. Rh4 Kg2 83. Rg4+ Kf3 0-1

[Event "Moscow-ch rapid"]
[Site "Moscow"]
[Date "2016.09.17"]
[Round "3"]
[White "Afanasiev, Nikita"]
[Black "Semenkov, Alexander"]
[Result "1-0"]
[WhiteElo "2280"]
[BlackElo "2123"]
[PlyCount "154"]
[EventDate "2016.09.17"]
[EventType "swiss (rapid)"]
[EventRounds "9"]
[EventCountry "RUS"]
[SourceTitle "CBM 174 Extra"]
[Source "ChessBase"]
[SourceDate "2016.10.10"]
[SourceVersion "1"]
[SourceVersionDate "2016.10.10"]
[SourceQuality "1"]

1. d4 Nf6 2. Bg5 e6 3. e3 c5 4. c3 Be7 5. Nf3 Qb6 6. Qb3 Qc7 7. Nbd2 0-0 8. Be2 d5 9. 0-0 b6 10. a4 Nc6 11. Rfc1 h6 12. Bh4 Na5 13. Qc2 cxd4 14. exd4 Bb7 15. Bd3 Nc4 16. Re1 Nxd2 17. Nxd2 a5 18. Nf3 Ba6 19. Bxa6 Rxa6 20. Ne5 Raa8 21. Re2 Rac8 22. Rae1 Ne4 23. Bg3 Nxg3 24. hxg3 Bd6 25. Nf3 Qd7 26. g4 Qd8 27. g3 Be7 28. Kg2 Bf6 29. Rh1 Re8 30. Rh5 g6 31. Rxh6 Kg7 32. Qd2 Rh8 33. Rxh8 Qxh8 34. g5 Be7 35. Re1 Bd6 36. Rh1 Qe8 37. Qc2 Qd7 38. Qb3 Rc4 39. Nd2 Rxa4 40. Qxb6 Ra2 41. Qb3 Qa4 42. Qb6 Qd7 43. Nf1 a4 44. Ne3 a3 45. bxa3 Rxa3 46. Ng4 Be7 47. Qb2 Ra8 48. Qd2 Rh8 49. Ne5 Qe8 50. Rxh8 Kxh8 51. Qf4 Kg7 52. Ng4 Qf8 53. Ne5 Qe8 54. Qh4 Kg8 55. Ng4 Qd8 56. Nf6+ Bxf6 57. gxf6 Qf8 58. Kf3 Qc8 59. Qh6 Qf8 60. Qxf8+ Kxf8 61. Kf4 Ke8 62. g4 Kd8 63. Ke5 Kd7 64. f4 Kc6 65. f5 exf5 66. g5 Kc7 67. Kxd5 Kd7 68. c4 Kc7 69. Ke5 Kc6 70. c5 Kd7 71. d5 Kd8 72. d6 Kd7 73. Kd5 Kc8 74. c6 Kd8 75. d7 Kc7 76. Ke5 f4 77. Kxf4 Kd6 1-0

[Event "Moscow-ch rapid"]
[Site "Moscow"]
[Date "2016.09.17"]
[Round "5"]
[White "Kovalev, Egor"]
[Black "Semenkov, Alexander"]
[Result "0-1"]
[WhiteElo "2339"]
[BlackElo "2123"]
[PlyCount "58"]
[EventDate "2016.09.17"]
[EventType "swiss (rapid)"]
[EventRounds "9"]
[EventCountry "RUS"]
[SourceTitle "CBM 174 Extra"]
[Source "ChessBase"]
[SourceDate "2016.10.10"]
[SourceVersion "1"]
[SourceVersionDate "2016.10.10"]
[SourceQuality "1"]

1. e4 d6 2. d4 Nf6 3. Nc3 g6 4. f3 Bg7 5. Be3 c6 6. Qd2 b5 7. 0-0-0 a5 8. g4 a4 9. Kb1 b4 10. Nce2 Qb6 11. Nc1 h5 12. g5 Nfd7 13. f4 0-0 14. f5 c5 15. fxg6 cxd4 16. gxf7+ Rxf7 17. Bc4 dxe3 18. Bxf7+ Kxf7 19. Qd5+ e6 20. Qxa8 Bb7 21. Qxa4 Nc5 22. Rxd6 Nc6 23. Qxc6 Bxc6 24. Nge2 Nxe4 25. Rf1+ Ke7 26. Rxc6 Qxc6 27. Rf4 Nd2+ 28. Ka1 Qxc2 29. Rxb4 Qb1# 0-1

[Event "Lipetsk-A 17th"]
[Site "Lipetsk"]
[Date "2008.12.14"]
[Round "9"]
[White "Semenkov, Alexander"]
[Black "Skomorohov, Grigorij"]
[Result "1-0"]
[WhiteElo "2148"]
[BlackElo "2200"]
[PlyCount "29"]
[EventDate "2008.11.28"]
[EventType "tourn"]
[EventRounds "9"]
[EventCountry "RUS"]
[SourceTitle "EXT 2022"]
[Source "ChessBase"]
[SourceDate "2021.10.06"]
[SourceVersion "1"]
[SourceVersionDate "2021.10.06"]
[SourceQuality "1"]

1. d4 Nf6 2. Bg5 e6 3. e4 Be7 4. Bd3 Nc6 5. e5 Nd5 6. Be3 Bh4 7. g3 Nxe3 8. fxe3 Bg5 9. Qf3 0-0 10. h4 Be7 11. Nh3 b6 12. Ng5 h6 13. Nd2 hxg5 14. Qh5 f6 15. Qh7+ 1-0

[Event "Lipetsk-A 17th"]
[Site "Lipetsk"]
[Date "2008.12.05"]
[Round "4"]
[White "Kurbatov, Andrei"]
[Black "Semenkov, Alexander"]
[Result "0-1"]
[WhiteElo "2176"]
[BlackElo "2148"]
[PlyCount "86"]
[EventDate "2008.11.28"]
[EventType "tourn"]
[EventRounds "9"]
[EventCountry "RUS"]
[SourceTitle "EXT 2022"]
[Source "ChessBase"]
[SourceDate "2021.10.06"]
[SourceVersion "1"]
[SourceVersionDate "2021.10.06"]
[SourceQuality "1"]

1. d4 Nf6 2. c4 g6 3. Nc3 Bg7 4. e4 d6 5. Be2 0-0 6. Nf3 e5 7. Be3 Ng4 8. Bg5 f6 9. Bh4 h5 10. dxe5 Nxe5 11. Nxe5 dxe5 12. Qxd8 Rxd8 13. Nd5 Rxd5 14. cxd5 g5 15. Rc1 c6 16. Bc4 Kf8 17. Bg3 h4 18. 0-0 hxg3 19. hxg3 c5 20. d6 Nd7 21. Rfd1 Rb8 22. Be6 b6 23. b4 Ke8 24. bxc5 bxc5 25. Rb1 Rb6 26. Rbc1 Bf8 27. Bxd7+ Bxd7 28. Rxc5 Bxd6 29. Ra5 a6 30. Rad5 Ke7 31. f4 gxf4 32. gxf4 Bg4 33. R1d2 exf4 34. Kf2 Be5 35. Rd8 Bc3 36. g3 Bxd2 37. Rxd2 fxg3+ 38. Kxg3 Be6 39. Kf4 Rb4 40. Re2 Ra4 41. Rb2 f5 42. Re2 Kf6 43. Kf3 Rxe4 0-1

[Event "Lipetsk-A 17th"]
[Site "Lipetsk"]
[Date "2008.11.30"]
[Round "3"]
[White "Semenkov, Alexander"]
[Black "Airapetian, Gor"]
[Result "0-1"]
[WhiteElo "2148"]
[BlackElo "2378"]
[PlyCount "94"]
[EventDate "2008.11.28"]
[EventType "tourn"]
[EventRounds "9"]
[EventCountry "RUS"]
[SourceTitle "EXT 2022"]
[Source "ChessBase"]
[SourceDate "2021.10.06"]
[SourceVersion "1"]
[SourceVersionDate "2021.10.06"]
[SourceQuality "1"]

1. d4 Nf6 2. c4 e6 3. Nf3 b6 4. g3 Ba6 5. b3 b5 6. cxb5 Bxb5 7. Bg2 Bc6 8. 0-0 Qc8 9. Nbd2 Qb7 10. Nc4 Bd5 11. Ne3 Be4 12. Bb2 Be7 13. Qd2 0-0 14. Rfc1 a5 15. Ne5 Bxg2 16. Nxg2 a4 17. Qc2 Na6 18. bxa4 c6 19. Nf4 Nb4 20. Qd1 Qa6 21. Ned3 Qxa4 22. Qxa4 Rxa4 23. Nxb4 Bxb4 24. Nd3 Be7 25. Nc5 Bxc5 26. Rxc5 Rfa8 27. a3 Ne4 28. Rc2 Nd6 29. e3 Nc4 30. Bc1 Rb8 31. Kf1 Rb3 32. Ke2 d5 33. h4 h5 34. Rca2 Kh7 35. Kd1 Kg6 36. Kc2 Rb7 37. Bd2 Kf5 38. Bb4 Ke4 39. Kb3 Ra8 40. Kc3 Ra4 41. Kb3 Rba7 42. Bc5 Ra8 43. Bb4 f6 44. Kc3 e5 45. Kb3 Kf5 46. Rd1 Ke6 47. Rc1 R4a6 0-1

[Event "Lipetsk-ch"]
[Site "Lipetsk"]
[Date "2008.03.24"]
[Round "5"]
[White "Semenkov, Alexander"]
[Black "Geranichev, Mikhail"]
[Result "1-0"]
[WhiteElo "2146"]
[BlackElo "1743"]
[PlyCount "42"]
[EventDate "2008.03.20"]
[EventType "swiss"]
[EventRounds "9"]
[EventCountry "RUS"]
[SourceTitle "EXT 2022"]
[Source "ChessBase"]
[SourceDate "2021.10.06"]
[SourceVersion "1"]
[SourceVersionDate "2021.10.06"]
[SourceQuality "1"]

1. d4 Nf6 2. c4 g6 3. Nc3 Bg7 4. e4 d6 5. Bg5 0-0 6. Qd2 c5 7. d5 a6 8. Bd3 Qa5 9. f3 Nbd7 10. Nge2 Ne5 11. 0-0 b5 12. cxb5 c4 13. Bc2 axb5 14. a3 Ba6 15. Nd4 Rfc8 16. h3 Nd3 17. Bxd3 cxd3 18. Nc6 Qc7 19. Rfc1 Qd7 20. Nb4 Rc4 21. Qxd3 Nh5 1-0

[Event "Lipetsk-ch"]
[Site "Lipetsk"]
[Date "2008.03.23"]
[Round "4"]
[White "Solovyov, Sergey V"]
[Black "Semenkov, Alexander"]
[Result "1/2-1/2"]
[WhiteElo "2072"]
[BlackElo "2146"]
[PlyCount "94"]
[EventDate "2008.03.20"]
[EventType "swiss"]
[EventRounds "9"]
[EventCountry "RUS"]
[SourceTitle "EXT 2022"]
[Source "ChessBase"]
[SourceDate "2021.10.06"]
[SourceVersion "1"]
[SourceVersionDate "2021.10.06"]
[SourceQuality "1"]

1. d4 d5 2. Nc3 Bf5 3. Nf3 e6 4. a3 h6 5. Bf4 a6 6. e3 Nf6 7. Bd3 Bxd3 8. cxd3 c5 9. Qb3 b5 10. dxc5 Bxc5 11. Rc1 Nbd7 12. h3 0-0 13. 0-0 Qe7 14. Ne2 Rfc8 15. Rc2 Bd6 16. Bxd6 Qxd6 17. Rfc1 Nb6 18. Ned4 Rxc2 19. Rxc2 Rc8 20. Rxc8+ Nxc8 21. Qc2 Ne7 22. b4 Nd7 23. Nb3 Nc6 24. Nfd4 Ne7 25. Na5 e5 26. Ndc6 Nxc6 27. Qxc6 Qxc6 28. Nxc6 Kf8 29. Kf1 f6 30. Ke2 Kf7 31. Kd2 Ke6 32. Kc3 Kd6 33. Na5 h5 34. Nb3 g5 35. g4 hxg4 36. hxg4 Kc6 37. d4 Kc7 38. Nc5 Nxc5 39. dxc5 Kc6 40. Kd3 Kc7 41. f3 Kc6 42. Ke2 Kc7 43. f4 Kc6 44. Kd2 Kc7 45. e4 d4 46. f5 Kc6 47. Ke2 Kd7 1/2-1/2

[Event "Lipetsk-ch"]
[Site "Lipetsk"]
[Date "2008.03.21"]
[Round "2"]
[White "Malenkov, Yuriy"]
[Black "Semenkov, Alexander"]
[Result "1-0"]
[WhiteElo "1933"]
[BlackElo "2146"]
[PlyCount "111"]
[EventDate "2008.03.20"]
[EventType "swiss"]
[EventRounds "9"]
[EventCountry "RUS"]
[SourceTitle "EXT 2022"]
[Source "ChessBase"]
[SourceDate "2021.10.06"]
[SourceVersion "1"]
[SourceVersionDate "2021.10.06"]
[SourceQuality "1"]

1. d4 Nf6 2. c4 g6 3. g3 Bg7 4. Bg2 0-0 5. e4 d6 6. Ne2 Nbd7 7. 0-0 e5 8. Nbc3 c6 9. f3 Qb6 10. Na4 Qc7 11. Be3 b5 12. cxb5 cxb5 13. Nac3 b4 14. Na4 Ba6 15. d5 Qc4 16. Rf2 Rfc8 17. Nc1 Qc7 18. Bf1 Bb7 19. Qb3 a5 20. Bd3 Bf8 21. Qd1 h5 22. Rc2 Qd8 23. Rxc8 Rxc8 24. a3 Nc5 25. Be2 Kh7 26. axb4 axb4 27. Nd3 Nxd3 28. Bxd3 Bh6 29. Bxh6 Kxh6 30. Qd2+ Kg7 31. Qxb4 Rb8 32. Qd2 Ra8 33. b4 Nd7 34. Qb2 h4 35. Kg2 hxg3 36. hxg3 Qf6 37. Bb5 Nb8 38. Qc1 g5 39. Bc6 Ra7 40. b5 g4 41. fxg4 Bc8 42. Qe3 Rc7 43. g5 Qg6 44. Rh1 f5 45. Rh6 Qf7 46. Nb6 f4 47. gxf4 Ra7 48. Nxc8 Ra2+ 49. Kf3 Ra3 50. Qxa3 Qxf4+ 51. Ke2 Qxe4+ 52. Kd2 Qd4+ 53. Qd3 Qf2+ 54. Kc3 Qe1+ 55. Kb3 e4 56. Qd4+ 1-0

[Event "Lipetsk 13th"]
[Site "Lipetsk"]
[Date "2007.11.17"]
[Round "7"]
[White "Semenkov, Alexander"]
[Black "Chaban, Alexander"]
[Result "1-0"]
[WhiteElo "2072"]
[BlackElo "2080"]
[PlyCount "77"]
[EventDate "2007.11.11"]
[EventType "tourn"]
[EventRounds "7"]
[EventCountry "RUS"]
[SourceTitle "EXT 2022"]
[Source "ChessBase"]
[SourceDate "2021.10.06"]
[SourceVersion "1"]
[SourceVersionDate "2021.10.06"]
[SourceQuality "1"]

1. e4 c5 2. Nf3 d6 3. d4 cxd4 4. Nxd4 Nf6 5. Nc3 a6 6. Bg5 e6 7. f4 Be7 8. Qf3 Qc7 9. 0-0-0 Nbd7 10. g4 b5 11. Bxf6 Nxf6 12. g5 Nd7 13. f5 Nc5 14. f6 gxf6 15. gxf6 Bf8 16. Qh5 Bd7 17. a3 Qa5 18. e5 d5 19. Rg1 b4 20. Rg7 Bxg7 21. fxg7 Rg8 22. Qxh7 0-0-0 23. axb4 Qxb4 24. Kb1 Qb6 25. h4 Kb7 26. h5 Rb8 27. h6 Ka8 28. Nb3 Nxb3 29. cxb3 Qxb3 30. Qc2 Qb6 31. Qh2 Ka7 32. Rd2 Bc6 33. Qf2 Qxf2 34. Rxf2 d4 35. Ne2 Be4+ 36. Kc1 d3 37. Rxf7+ Bb7 38. Nf4 Kb6 39. Bxd3 1-0

[Event "Elets-ch op"]
[Site "Elets"]
[Date "2007.10.26"]
[Round "6"]
[White "Bolgov, Anton"]
[Black "Semenkov, Alexander"]
[Result "0-1"]
[WhiteElo "1830"]
[BlackElo "2072"]
[PlyCount "69"]
[EventDate "2007.10.22"]
[EventType "swiss"]
[EventRounds "9"]
[EventCountry "RUS"]
[SourceTitle "EXT 2022"]
[Source "ChessBase"]
[SourceDate "2021.10.06"]
[SourceVersion "1"]
[SourceVersionDate "2021.10.06"]
[SourceQuality "1"]

1. d4 Nf6 2. Nf3 c5 3. d5 d6 4. Nc3 g6 5. e4 Nbd7 6. Bg5 Bg7 7. h3 Qa5 8. Nd2 a6 9. Nc4 Qc7 10. a4 0-0 11. Bd3 Nb6 12. 0-0 Nxc4 13. Bxc4 Bd7 14. Qd2 Qb6 15. Rfb1 Qb4 16. Qd3 Qa5 17. Ra3 h6 18. Bd2 Qc7 19. a5 Rad8 20. Na4 Be8 21. Bc3 Nd7 22. Bxg7 Kxg7 23. f4 Qxa5 24. Qe3 Qc7 25. Nc3 b5 26. Bxb5 axb5 27. Nxb5 Qb6 28. c4 Nf6 29. Nc3 Ng8 30. b4 Rc8 31. b5 Bd7 32. e5 Ra8 33. Ne4 Rxa3 34. Qxa3 Bf5 35. Ng3 0-1

[Event "Elets-ch op"]
[Site "Elets"]
[Date "2007.10.23"]
[Round "2"]
[White "Semenkov, Alexander"]
[Black "Malykh, Yuriy A"]
[Result "1-0"]
[WhiteElo "2072"]
[BlackElo "2165"]
[PlyCount "60"]
[EventDate "2007.10.22"]
[EventType "swiss"]
[EventRounds "9"]
[EventCountry "RUS"]
[SourceTitle "EXT 2022"]
[Source "ChessBase"]
[SourceDate "2021.10.06"]
[SourceVersion "1"]
[SourceVersionDate "2021.10.06"]
[SourceQuality "1"]

1. d4 d5 2. c4 c6 3. Nf3 Nf6 4. Nc3 e6 5. e3 Nbd7 6. Qc2 Bd6 7. Be2 0-0 8. 0-0 dxc4 9. Bxc4 b5 10. Bd3 Bb7 11. e4 e5 12. dxe5 Nxe5 13. Nxe5 Bxe5 14. Be2 Re8 15. Bf3 a6 16. Be3 Qc7 17. h3 Bxc3 18. Qxc3 Nxe4 19. Bxe4 Rxe4 20. b4 Rc4 21. Qb2 c5 22. Bxc5 a5 23. a3 axb4 24. axb4 Rxa1 25. Rxa1 Qc6 26. f3 Qg6 27. Qe5 h5 28. Qb8+ Kh7 29. Qxb7 Rc2 30. f4 Qf5 1-0